| 000 | 00749nam a2200217Ia 4500 | ||
|---|---|---|---|
| 003 | IN-BaIIA | ||
| 008 | 211028s9999 xx 000 0 eng d | ||
| 020 | _a1-85233-494-0 | ||
| 040 | _cIIA Library | ||
| 080 |
_a519.72 _bCHE |
||
| 100 |
_aChen, Chaomei _929153 |
||
| 245 | 0 |
_aMapping scientific frontiers _bthe quest for knowledge visualization _cChaomei Chen |
|
| 260 |
_aLondon _bSpringer-Verlag _c2003 |
||
| 300 | _axii, 240p. | ||
| 650 |
_aCommunication in science-Graphic methods _929154 |
||
| 650 |
_aDiscoveries in Science _929155 |
||
| 650 |
_aKnowledge representation (Information Theory) _929156 |
||
| 650 |
_aVisual Communication _929157 |
||
| 650 |
_aVisualization _929158 |
||
| 942 | _cBK | ||
| 999 |
_c15824 _d15824 |
||